| 000 | 00930cam a22002533a 4500 | ||
|---|---|---|---|
| 001 | 10970 | ||
| 003 | PGUSA | ||
| 005 | 20140828083231.0 | ||
| 008 | 040201s2004||||xxu|||||s|||||000 | eng d | ||
| 040 |
_aPGUSA _beng |
||
| 042 | _adc | ||
| 050 | 4 | _aB | |
| 100 | 1 |
_aMurray, D. L. _q(David Leslie), _d1888-1962 |
|
| 245 | 1 | 0 |
_aPragmatism _h[electronic resource] / _cD. L. Murray |
| 260 |
_bProject Gutenberg, _c2004 |
||
| 505 | 0 | _aThe genesis of pragmatism -- The new psychology -- Will in cognition -- The dilemmas of dogmatism -- The problem of truth and error -- The failure of formal logic -- The bankruptcy of intellectualism -- Thought and life. | |
| 506 | _aPublic domain in the USA. | ||
| 516 | _aElectronic text | ||
| 653 | _aPragmatism | ||
| 700 | 1 |
_aSchiller, F. C. S. _q(Ferdinand Canning Scott), _d1864-1937 |
|
| 830 | 0 |
_aProject Gutenberg _v10970 |
|
| 856 | 4 | 0 | _uhttp://www.gutenberg.org/ebooks/10970 |
| 942 | _cEB | ||
| 999 |
_c240225 _d240225 |
||